000 00231nam a2200097Ia 4500
008 231107s1995 xx 000 0 und d
041 _aeng
100 _aKasu Ahmad
245 _aInterior Design
260 _aBombay
_bIqurra Pub.
_c1995
999 _c923073
_d923073